Company law in Zimbabwe commentary and legal solutions for insolvent companies in South Africa / (Record no. 168342)

MARC details
000 -LEADER
fixed length control field 00786nam a2200241 a 4500
008 - FIXED-LENGTH DATA ELEMENTS--GENERAL INFORMATION
fixed length control field
020 ## - INTERNATIONAL STANDARD BOOK NUMBER
International Standard Book Number 9780797465220 (pbk.)
049 ## - LOCAL HOLDINGS (OCLC)
Holding library MAIN
090 ## - LOCALLY ASSIGNED LC-TYPE CALL NUMBER (OCLC); LOCAL CALL NUMBER (RLIN)
Classification number (OCLC) (R) ; Classification number, CALL (RLIN) (NR) KD2079
Local cutter number (OCLC) ; Book number/undivided call number, CALL (RLIN) MUC
003 - CONTROL NUMBER IDENTIFIER
control field
005 - DATE AND TIME OF LATEST TRANSACTION
control field 20230123141134.0
040 ## - CATALOGING SOURCE
Transcribing agency NUST
100 1# - MAIN ENTRY--PERSONAL NAME
Personal name Mucheche Caleb, H.
245 10 - TITLE STATEMENT
Title Company law in Zimbabwe commentary and legal solutions for insolvent companies in South Africa /
Statement of responsibility, etc. Mucheche, Caleb H.
260 ## - PUBLICATION, DISTRIBUTION, ETC.
Place of publication, distribution, etc. Zimbabwe :
Name of publisher, distributor, etc. African Legal Resources Dominion,
Date of publication, distribution, etc. 2017
300 ## - PHYSICAL DESCRIPTION
Extent 267 p. :
Dimensions 24 cm.
504 ## - BIBLIOGRAPHY, ETC. NOTE
Bibliography, etc. note Includes bibliographical references.
650 ## - SUBJECT ADDED ENTRY--TOPICAL TERM
Topical term or geographic name entry element Incorporation of companies.
650 ## - SUBJECT ADDED ENTRY--TOPICAL TERM
Topical term or geographic name entry element Unregistered Associations.
650 #1 - SUBJECT ADDED ENTRY--TOPICAL TERM
Topical term or geographic name entry element Companies Act.
907 ## - LOCAL DATA ELEMENT G, LDG (RLIN)
a .b10395982
b 23-01-19
c 19-12-18
942 ## - ADDED ENTRY ELEMENTS (KOHA)
Koha item type Ordinary Loan Books
Call number prefix KD2079
Call number suffix MUC
Holdings
Date last seen Total Checkouts Full call number Barcode Cost, replacement price Price effective from Koha item type Lost status Source of classification or shelving scheme Damaged status Not for loan Collection Withdrawn status Home library Current library Shelving location Date acquired Cost, normal purchase price
01/23/2023 1 KD2079 MUC 92004046128 80.00 01/23/2023 BOOKS   LCC     NFIC   MAIN MAIN GEN 01/23/2023 80.00